Szczegóły MARC21

Integralne wychowanie w myśli Jana Pawła II /

003 -Nazwa inst., której nr kontr. jest w polu 001 [,]
    • @
    • Nazwa instytucji, której n kontrolny jest w polu 001
    • NUKAT
005 -DATA I CZAS OSTATNIEJ MODYFIKACJI [,]
    • @
    • pole kontrolne
    • 20241231114907.0
020 -Międzynarod. znormalizowany nr książki - ISBN [ , ]
    • a
    • Numer ISBN
    • 8373631542 Find
040 -Instytucja sporządzająca opis [ , ]
    • a
    • Instytucja, która sporządziła opis (NP)
    • KR 295/BW
    • c
    • Instytucja, która sporządziła rekord (NP)
    • KR 295/BW
    • d
    • Instytucja, która zmodyfikowała rekord (P)
    • KR 295/DR
    • d
    • Instytucja, która zmodyfikowała rekord (P)
    • KR295/MAGs
041 -Język dokumentu [0, ]
    • a
    • Język tekstu (P)
    • polski
    • b
    • Język streszczeń lub abstraktu (P)
    • angielski
942 -Rodzaj dokumentu [ , ]
    • c
    • Rodzaj dokumentu
    • Książka
100 -Hasło główne - nazwa osobowa [1, ]
    • a
    • Nazwa osobowa (NP)
    • Rynio, Alina
    • d
    • Daty biograficzne (NP)
    • (1954- ).
    • 9
    • KHW
    • 86135
245 -Strefa tytułu i oznaczenia odpowiedzialności [1,0]
    • a
    • Tytuł
    • Integralne wychowanie w myśli Jana Pawła II / Find
    • c
    • Pozostałe elementy strefy tytułu i oznaczenia odpowiedzialności (NP)
    • Alina Rynio ; Katolicki Uniwersytet Lubelski. Instytut Pedagogiki.
260 -Strefa adresu wydawniczego [ , ]
    • a
    • Miejsce wydania (P)
    • Lublin :
    • b
    • Nazwa wydawcy (P)
    • Wydaw. KUL,
    • c
    • Data wydania (P)
    • 2004.
300 -Strefa opisu fizycznego [ , ]
    • a
    • Określenie formy książki i/lub objętość (NP)
    • 477 s. ;
    • c
    • Format (NP)
    • 24 cm.
336 -Typ zawartości [ , ]
    • a
    • Termin opisujący typ zawartości
    • Tekst
    • b
    • Kod określający zawartość
    • txt
    • 2
    • Źródło (terminu i kodu)
    • rdacontent
337 -Typ mediów [ , ]
    • a
    • Tryb odtwarzania
    • Bez urządzenia pośredniczącego
    • b
    • Kod typu mediów
    • n
    • 2
    • Źródło (terminu i kodu)
    • rdamedia
338 -Typ/rodzaj nośnika [ , ]
    • a
    • Hasło opisujące typ nośnika
    • Wolumin
    • b
    • Kod typu nośnika
    • nc
    • 2
    • Źródło (terminu i kodu)
    • rdacarrier
504 -Uwaga dot. bibliogr. załącznikowej [ , ]
    • a
    • Uwaga dot. bibliografii załącznikowej
    • Bibliogr. s. [419]-473.
546 -Uwaga dot. języka [ , ]
    • a
    • Uwaga dot. języka
    • Streszcz. ang.
080 -Uniwersalna Klasyfikacja Dziesiętna [ , ]
    • 2
    • Identyfikator wydania tablic
    • UDC-PO58
    • a
    • Symbol klasyfikacji
    • 37
    • b
    • Dopowiedzenie
    • Oświata. Pedagogika. Wychowanie. Szkolnictwo. Wykorzystywanie wolnego czasu.
080 -Uniwersalna Klasyfikacja Dziesiętna [ , ]
    • 2
    • Identyfikator wydania tablic
    • UDC-PO58
    • a
    • Symbol klasyfikacji
    • 159.923
    • b
    • Dopowiedzenie
    • Osobowość. Psychologia indywidualna. Cechy charakteru. Temperamenty i ich typologia. Kształtowanie osobowości. Samowiedza. Sampoznanie. Samorealizacja. Samoakceptacja.
080 -Uniwersalna Klasyfikacja Dziesiętna [ , ]
    • 2
    • Identyfikator wydania tablic
    • UDC-PO58
    • a
    • Symbol klasyfikacji
    • 27-44
    • b
    • Dopowiedzenie
    • Życie religijne. Praktyka życia religijnego. Zewnętrzne przejawy życia religijnego. Post.
080 -Uniwersalna Klasyfikacja Dziesiętna [ , ]
    • 2
    • Identyfikator wydania tablic
    • UDC-PO58
    • a
    • Symbol klasyfikacji
    • 272-732.2
    • b
    • Dopowiedzenie
    • Papiestwo. Nauczanie papieskie.
    • x
    • Poddział wspólny
    • "1965/..."
    • b
    • Dopowiedzenie
    • Od 1965 roku.
600 -Hasło przedmiotowe w formie nazwy osobowej [0,7]
    • a
    • Nazwa osobowa
    • Jan Paweł
    • b
    • Numeracja zwiazana z nazwą
    • II
    • c
    • Dopowiedzenie
    • (papież ;
    • d
    • Daty związane z nazwą
    • 1920-2005)
    • x
    • Określnik rzeczowy
    • krytyka i interpretacja.
    • 2
    • Źródło terminu
    • kaba
    • 9
    • KHW
    • 429196
600 -Hasło przedmiotowe w formie nazwy osobowej [0,7]
    • a
    • Nazwa osobowa
    • Jan Paweł
    • b
    • Numeracja zwiazana z nazwą
    • II
    • c
    • Dopowiedzenie
    • (papież ;
    • d
    • Daty związane z nazwą
    • 1920-2005)
    • x
    • Określnik rzeczowy
    • nauczania.
    • 2
    • Źródło terminu
    • kaba
    • 9
    • KHW
    • 353849
600 -Hasło przedmiotowe w formie nazwy osobowej [0,7]
    • a
    • Nazwa osobowa
    • Jan Paweł
    • b
    • Numeracja zwiazana z nazwą
    • II
    • c
    • Dopowiedzenie
    • (papież ;
    • d
    • Daty związane z nazwą
    • 1920-2005)
    • x
    • Określnik rzeczowy
    • i edukacja.
    • 2
    • Źródło terminu
    • kaba
    • 9
    • KHW
    • 524789
650 -Hasło przedmiotowe [ ,7]
    • a
    • Hasło przedmiotowe
    • Edukacja
    • x
    • Określnik rzeczowy
    • aspekt religijny
    • x
    • Określnik rzeczowy
    • Kościół katolicki.
    • 2
    • Źródło terminu
    • kaba
    • 9
    • KHW
    • 362895
980 -Symbol UKD [ , ]
    • a
    • UKD
    • 37:159.923:27-44:272-732.2"1965/..."Jan Paweł II
710 -Hasło dodatkowe - nazwa ciała zbiorowego [2, ]
    • a
    • Nazwa ciała zbiorowego lub nazwa geograficzna jako pierwszy element (NP)
    • Katolicki Uniwersytet Lubelski.
    • b
    • Nazwa jednostki podrzędnej (P)
    • Wydawnictwo.
    • 4
    • Kod relacji
    • pbl
    • 9
    • KHW
    • 596013
920 -ISBN [ , ]
    • a
    • ISBN
    • 83-7363-154-2 Find
Numer inwentarzowy Status udost. Lokalizacja Data inwentaryzacji
Pd.188231BG2007-10-12
M.39021TH2014-01-30